| 000 | 01287nam a22004570a 4500 | ||
|---|---|---|---|
| 001 | PT55873 | ||
| 003 | AR-LpoUNG | ||
| 005 | 20210131231728.0 | ||
| 008 | 191001s2009||||sp |||||||||||||||||spa d | ||
| 020 |
_a9788498880335 _c$12 |
||
| 040 |
_aAR-LpoUNG _bspa _cAR-LpoUNG _eaacr |
||
| 041 | _aspa | ||
| 044 | _asp | ||
| 082 | 0 | _a334.01 412cri | |
| 100 | 1 | _aLaville, Jean-Louis | |
| 245 | 1 | 0 |
_aCrisis capitalista y economía solidaria : _buna economía que emerge como alternativa real |
| 250 | _a1ra. ed. | ||
| 260 |
_aBarcelona : _bIcaria, _c2009. |
||
| 300 |
_a205 p. : _bgráfs. |
||
| 650 | 4 | _aASPECTOS SOCIALES | |
| 650 | 4 | _aCAPITALISMO | |
| 650 | 4 | _aCRISIS POLITICA | |
| 650 | 4 | _aDESARROLLO ECONOMICO Y SOCIAL | |
| 650 | 4 | _aECONOMIA | |
| 650 | 4 | _aECONOMIA REGIONAL | |
| 650 | 4 | _aESTADO | |
| 650 | 4 | _aMOVIMIENTO SOCIALES | |
| 650 | 4 | _aPARTICIPACION SOCIAL | |
| 650 | 4 | _aPOLITICA DE DESARROLLO | |
| 650 | 4 | _aRECESION ECONOMICA | |
| 650 | 4 | _aSOCIEDAD CIVIL | |
| 651 | 4 | _aDOCUMENTOS TEORICOS O METODOLOGICOS | |
| 653 | _aECONOMIA SOCIAL | ||
| 653 | _aECONOMIA SOLIDARIA | ||
| 653 | _aPOLITICAS PUBLICAS | ||
| 700 | 1 |
_aArocena, José _epról. |
|
| 700 | 1 | _aGarcia Jané, Jordi | |
| 700 | 1 |
_aGarcía, Iván _etr. |
|
| 905 | _a55873 | ||
| 942 | _cLIB | ||
| 999 |
_c11644 _d11644 |
||